书目信息 |
| 题名: |
地方档案与文献研究
|
|
| 作者: | 吴佩林 主编 | |
| 分册: | 第五辑 | |
| 出版信息: | 北京 国家图书馆出版社 2021.11 |
|
| 页数: | 463页 | |
| 开本: | 24cm | |
| 丛书名: | ||
| 单 册: | ||
| 中图分类: | G279.27 , G256 | |
| 科图分类: | ||
| 主题词: | 地方档案--研究--中国 , 地方文献--研究--中国 | |
| 电子资源: | ||
| ISBN: | 978-7-5013-7224-9 | |
| 000 | 00952nam0 2200265 450 | |
| 001 | 012001002809 | |
| 005 | 20221208090258.56 | |
| 010 | @a978-7-5013-7224-9@dCNY98.00 | |
| 100 | @a20220905d2021 em y0chiy0110 ea | |
| 101 | 0 | @achi |
| 102 | @aCN@b110000 | |
| 105 | @aa z 000yy | |
| 106 | @ar | |
| 200 | 1 | @a地方档案与文献研究@Adi fang dang an yu wen xian yan jiu@h第五辑@f吴佩林主编 |
| 210 | @a北京@c国家图书馆出版社@d2021.11 | |
| 215 | @a463页@c彩照@d24cm | |
| 300 | @a2019年“明清以来的地方档案与文献”研究生暑期学校纪念专辑 | |
| 330 | @a本书内容涉及历史学、法学、文献学、文字学、考古学等学科,包括《“碑本”生成方式与史料重构》《清代图赖问题的成因、禁革与治理》《地方档案与文献研究的再出发》等。 | |
| 606 | 0 | @a地方档案@x研究@y中国 |
| 606 | 0 | @a地方文献@x研究@y中国 |
| 690 | @aG279.27@v5 | |
| 690 | @aG256@v5 | |
| 701 | 0 | @a吴佩林@Awu pei lin@f(1973-)@4主编 |
| 801 | 0 | @aCN@bAHXH@c20221111 |
| 905 | @b1375129-31@dG279.27@e268:5@f3 | |
| 地方档案与文献研究.第五辑/吴佩林主编.-北京:国家图书馆出版社,2021.11 |
| 463页:彩照;24cm |
| 2019年“明清以来的地方档案与文献”研究生暑期学校纪念专辑 |
| ISBN 978-7-5013-7224-9:CNY98.00 |
| 本书内容涉及历史学、法学、文献学、文字学、考古学等学科,包括《“碑本”生成方式与史料重构》《清代图赖问题的成因、禁革与治理》《地方档案与文献研究的再出发》等。 |
| ● |
| 相关链接 |
|
|
|
|
正题名:地方档案与文献研究
索取号:G279.27/268:5
 
预约/预借
| 序号 | 登录号 | 条形码 | 馆藏地/架位号 | 状态 | 备注 |
| 1 | 1375129 | 213751297 | 第一样本阅览室/ [索取号:G279.27/268:5] | 在馆 | |
| 2 | 1375130 | 213751304 | 第四借阅区/ [索取号:G279.27/268:5] | 在馆 | |
| 3 | 1375131 | 213751313 | 第四借阅区/ [索取号:G279.27/268:5] | 在馆 |